How to write a winning personal statement for graduate and professional School (Record no. 10394)

MARC details
000 -LEADER
fixed length control field 00673nam a2200193Ia 4500
005 - DATE AND TIME OF LATEST TRANSACTION
control field 20250527121928.0
008 - FIXED-LENGTH DATA ELEMENTS--GENERAL INFORMATION
fixed length control field 231207s9999 xx 000 0 und d
020 ## - INTERNATIONAL STANDARD BOOK NUMBER
International Standard Book Number 9781560798552
040 ## - CATALOGING SOURCE
Transcribing agency PK-LaNCA
082 ## - DEWEY DECIMAL CLASSIFICATION NUMBER
Classification number 378.1056
Item number STE
100 ## - MAIN ENTRY--PERSONAL NAME
Author Name Stelzer, Richard J.
245 #0 - TITLE STATEMENT
Title How to write a winning personal statement for graduate and professional School
Statement of responsibility, etc. Richard J. Stelzer
250 ## - EDITION STATEMENT
Edition statement 3rd edition
260 ## - PUBLICATION, DISTRIBUTION, ETC.
Name of publisher, distributor, etc. Peterson's
Place of publication, distribution, etc. Princeton
Date of publication, distribution, etc. 1997
300 ## - PHYSICAL DESCRIPTION
Pages vii, 144p
546 ## - LANGUAGE NOTE
Language note English
650 ## - SUBJECT ADDED ENTRY--TOPICAL TERM
Subject College applications--United States, University and college--Graduate work--Admission, Professional education--United States--Admission
942 ## - ADDED ENTRY ELEMENTS (KOHA)
Koha item type M. Phil.
999 ## -
-- 10394
-- 10394
Holdings
Withdrawn status Weedout from Library Permanent Location Current Location Shelving location Date acquired Full call number Barcode Price effective from Koha item type
    NATIONAL COLLEGE OF ARTS, LAHORE - LIBRARY NATIONAL COLLEGE OF ARTS, LAHORE - LIBRARY M.Phil Section Basement of Library 08/12/2023 378.1056 STE 14145 14145 08/12/2023 M. Phil.